События Года — 2022 - Statistics

General Stats
  • This quiz has been taken 65 times
  • The average score is 16 of 32
Answer Stats
Подсказка Ответ % Correct
Россия вступает в полномасштабный конфликт в этой страной Украина
100%
Эти непризнанные республики входят в состав РФ (назовите одну из двух) ДНР/ЛНР
96%
Россия отстранняют от этого конкурса песни "Евровидение"
86%
Россия признает компанию Meta экстремистской, а также запрещает ее продукты (назовите один из них) Facebook/Instagram
82%
....а также последний глава СССР Михаил Горбачёв
74%
McDonald's Вкусно — и точка!
74%
Умирает этот политик, лидер ЛДПР Владимир Жириновский
72%
После 70 лет правления умирает эта королева Елизавета II
72%
Чемпионат мира по футболу проводят в этой арабской стране Катар
70%
Coca-Cola Добрый Cola
70%
Этой столице возвращают старое название (предыдущее продержалось три года) Астана
61%
...одним из игроков сборной которой являлся знаменитый футболист Лионель Месси
61%
Спикер Сената США Нэнси Пелоси посещает этот остров, на что Китай в ответ мобилизует армию Тайвань
60%
...а победителем Чемпионата становится эта страна Аргентина
58%
На церемонии "Оскар" этот актер ударил по лицу ведущего Криса Рока Уилл Смит
56%
В этом приазовском городе проводятся особенно ожесточенные бои Мариуполь
53%
При закрытии этих магазинов люди побежали скупать фрикадельки и плюшевых акул IKEA
53%
Умирает первый президент Украины (его имя) Леонид Кравчук
49%
В этой стране для подавления беспорядков вводят силы ОДКБ Казахстан
47%
Самым кассовым фильмом года становится сиквел самого кассового фильма 2009 года Аватар: Путь воды
46%
IT-гигант, закрывшый все свои фиоменные магазины Apple
42%
Этот город становится первым, в котором проводились обе Олимпиады — и зимняя, и летняя Пекин
39%
... также первый глава Белоруссии Станислав Шушкевич
35%
В Италии к власти приходит ультраправая коалиция во главе с этим прьемьер-министром Джорджа Мелони
30%
Этот стриминговый сервис отменил свою работу в России Netflix
26%
Канал Disney Солнце
25%
Этот японский экс-премьер умирает в результате покушения Синдзо Абэ
21%
Эта женщина становится британским премьером на 50 дней Лиз Трасс
19%
Starbucks Stars Coffee
12%
В этой тихоокеанской стране происходит масштабное извержение вулкана Тонга
5%
Датская фармацевтическая компания, выпускающая препарат "Оземпик" Novo Nordisk
0%
"Это видео содержит материалы от партнера SME..." Sony Music Entertaiment
0%
No matching quizzes found
Score Distribution
Percent of People with Each Score
Percentile by Number Answered
Your Score History
You have not taken this quiz